Portugal au Concours Eurovision de la chanson - Statistiques

Statistiques générales
  • Ce quiz a été pris 60 fois
    25 depuis la dernière actualisation
  • Le résultat moyen est 9 sur 15
Statistiques - réponses
Questions Réponses % Correct
Combien de fois a-t-il gagné l'Eurovision ? 1
100%
Combien de fois le Portugal a-t-il terminé à la dernière place ? 4
89%
Combien de fois s'est-il retiré du concours ? 5
89%
Depuis quelle année le Portugal participe-t-elle au concours ? 1964
84%
Pour la dernière fois en quelle année ? 2016
84%
Avec quelle chanson et/ou interprète ? Amar pelos dois / Salvador Sobral
79%
Combien de fois la chanson portugaise a été totalement rédigée dans une autre langue que le portugais ? 1 (2021)
68%
Combien de fois, depuis que les demi-finales ont été mises en place en 2004, le Portugal s'est-il qualifié ? (on ne parle pas de l'année où le Portugal a été qualifié d'office) 4
63%
Qui a représenté le Portugal au concours en 2024 ? Iolanda
58%
Eduardo Nascimento est le premier participant noir de l'histoire de l'Eurovision. En quelle année a-t-il participé ? 1967
53%
Et reçu ? France
53%
A quel pays le Portugal a-t-il donné le plus de points en finale depuis 1975 ? Italie
42%
Le Portugal fait partie d'un petit groupe de pays qui ont la même caractéristique, en rapport avec leurs débuts. Quelle est cette caractéristique ? Ils ont terminé derniers à leurs débuts
21%
La chanson E despois do adeus est entrée dans l'histoire. Pour quelle raison ? Elle a donné le signal de départ de la Révolution des Oeillets au Portugal
16%
Depuis 2010, quel interprète a obtenu la plus haute place ? (hors vainqueur) MARO (en 2022)
0%
Aucun quiz correspondant
Distribution des résultats
% des personnes avec chaque résultat
Percentile par nombre de réponses
Votre historique - résultats
Vous n’avez pas pris ce quiz depuis la dernière actualisation